KOHA-Header-6

Pocket Accouting (Record no. 7801)

000 -LEADER
fixed length control field 00254nam a2200109Ia 4500
100 ## - MAIN ENTRY--AUTHOR NAME
Personal name Nobes,Christopher
245 #0 - TITLE STATEMENT
Title Pocket Accouting
260 ## - PUBLICATION, DISTRIBUTION, ETC. (IMPRINT)
Place of publication Italy
Name of publisher McGraw-Hill
Year of publication 1998
300 ## - PHYSICAL DESCRIPTION
Number of Pages 185
942 ## - ADDED ENTRY ELEMENTS (KOHA)
Koha item type Books
Holdings
Withdrawn status Lost status Collection code Permanent Location Current Location Shelving location Date acquired Full call number Accession Number Koha item type
    Dictionaries MAJU MAJU Shelf No.B28 2019-09-12 658.2 1942 DICTIONARY

Powered by Koha